00368nam a2200133Ia 4500008004100000020001800041041000800059082001100067100001600078245007100094260004000165300000800205999002100213240521s1999 xx 000 0 und d a1-85293-172-8 aeng a712.09 aPREECE R.A. aDESIGN ON THE LANDSCAPE:-EVERYDAY LANDSCAPES, VALUES, AND PRACTICE bC.B.S. PUBLISERS 8D DELHI- 32c1999 a283 c1157855d1157855